Juvenile Justice: A study of Haryana implementation of Juvenile Justice Act 1986 (Record no. 73072)

MARC details
000 -LEADER
fixed length control field 00357nam a2200133Ia 4500
008 - FIXED-LENGTH DATA ELEMENTS--GENERAL INFORMATION
fixed length control field 230917s9999||||xx |||||||||||||| ||und||
040 ## - CATALOGING SOURCE
-- 183766
Original cataloging agency VIVEKANANDA LIBRARY
041 ## - Language
-- English
082 ## - DDC NUMBER
Classification number 343.08 S64I
100 ## - MAIN ENTRY--PERSONAL NAME
Personal name Harbir Singh
245 #0 - TITLE STATEMENT
Title Juvenile Justice: A study of Haryana implementation of Juvenile Justice Act 1986
300 ## - PHYSICAL DESCRIPTION
Pages 325 p.
942 ## - ADDED ENTRY ELEMENTS (KOHA)
Koha item type Thesis
Holdings
Withdrawn status Lost status Damaged status Not for loan Location (home branch) Sublocation or collection (holding branch) Date acquired Koha issues (times borrowed) Koha full call number Accession No. Koha date last seen Koha item type
        VIVEKANANDA LIBRARY VIVEKANANDA LIBRARY 12/05/2011   343.08 S64I 147231 17/09/2023 Thesis
© Designed and Maintained by Vivekananda Library, MDU Rohtak